Model-Driven Engineering and Software Development (Запис № 451455)

МАРК-запис
000 -LEADER
fixed length control field 03840nam a22006375i 4500
001 - CONTROL NUMBER
control field 978-3-319-66302-9
003 - CONTROL NUMBER IDENTIFIER
control field DE-He213
005 - DATE AND TIME OF LATEST TRANSACTION
control field 20210118144231.0
007 - PHYSICAL DESCRIPTION FIXED FIELD--GENERAL INFORMATION
fixed length control field cr nn 008mamaa
008 - FIXED-LENGTH DATA ELEMENTS--GENERAL INFORMATION
fixed length control field 170909s2017 gw | s |||| 0|eng d
020 ## - INTERNATIONAL STANDARD BOOK NUMBER
International Standard Book Number 9783319663029
-- 978-3-319-66302-9
024 7# - OTHER STANDARD IDENTIFIER
Standard number or code 10.1007/978-3-319-66302-9
Source of number or code doi
050 #4 - LIBRARY OF CONGRESS CALL NUMBER
Classification number QA76.758
072 #7 - SUBJECT CATEGORY CODE
Subject category code UMZ
Source bicssc
072 #7 - SUBJECT CATEGORY CODE
Subject category code COM051230
Source bisacsh
072 #7 - SUBJECT CATEGORY CODE
Subject category code UMZ
Source thema
082 04 - DEWEY DECIMAL CLASSIFICATION NUMBER
Classification number 005.1
Edition number 23
245 10 - TITLE STATEMENT
Title Model-Driven Engineering and Software Development
Medium [electronic resource] :
Remainder of title 4th International Conference, MODELSWARD 2016, Rome, Italy, February 19-21, 2016, Revised Selected Papers /
Statement of responsibility, etc edited by Slimane Hammoudi, Luís Ferreira Pires, Bran Selic, Philippe Desfray.
250 ## - EDITION STATEMENT
Edition statement 1st ed. 2017.
264 #1 -
-- Cham :
-- Springer International Publishing :
-- Imprint: Springer,
-- 2017.
300 ## - PHYSICAL DESCRIPTION
Extent XIV, 355 p. 131 illus.
Other physical details online resource.
336 ## -
-- text
-- txt
-- rdacontent
337 ## -
-- computer
-- c
-- rdamedia
338 ## -
-- online resource
-- cr
-- rdacarrier
347 ## -
-- text file
-- PDF
-- rda
490 1# - SERIES STATEMENT
Series statement Communications in Computer and Information Science,
Міжнародний стандартний серійний номер для назви серії (ISSN) 1865-0929 ;
Том/ позначення послідовності 692
505 0# - FORMATTED CONTENTS NOTE
Formatted contents note Modeling languages, tools and architectures -- Methodologies, processes and platforms -- Applications and software development.
520 ## - SUMMARY, ETC.
Summary, etc This book constitutes thoroughly revised and selected papers from the 4th International Conference on Model-Driven Engineering and Software Development, MODELSWARD 2016, held in Rome, Italy, in February 2016. The 17 thoroughly revised and extended papers presented in this volume were carefully reviewed and selected from 118 submissions. They are organized in topical sections named: modeling languages, tools and architectures; methodologies, processes and platforms; applications and software development.
506 ## - RESTRICTIONS ON ACCESS NOTE
Terms governing access Available to subscribing member institutions only. Доступно лише організаціям членам підписки.
506 ## - RESTRICTIONS ON ACCESS NOTE
Standardized terminology for access restriction Online access from local network of NaUOA.
506 ## - RESTRICTIONS ON ACCESS NOTE
Standardized terminology for access restriction Online access with authorization at https://link.springer.com/
506 ## - RESTRICTIONS ON ACCESS NOTE
Standardized terminology for access restriction Онлайн-доступ з локальної мережі НаУОА.
506 ## - RESTRICTIONS ON ACCESS NOTE
Standardized terminology for access restriction Онлайн доступ з авторизацією на https://link.springer.com/
650 #0 - SUBJECT ADDED ENTRY--TOPICAL TERM
Topical term or geographic name as entry element Software engineering.
650 #0 - SUBJECT ADDED ENTRY--TOPICAL TERM
Topical term or geographic name as entry element Computer simulation.
650 #0 - SUBJECT ADDED ENTRY--TOPICAL TERM
Topical term or geographic name as entry element Programming languages (Electronic computers).
650 #0 - SUBJECT ADDED ENTRY--TOPICAL TERM
Topical term or geographic name as entry element Artificial intelligence.
650 14 - SUBJECT ADDED ENTRY--TOPICAL TERM
Topical term or geographic name as entry element Software Engineering.
-- http://scigraph.springernature.com/things/product-market-codes/I14029
650 24 - SUBJECT ADDED ENTRY--TOPICAL TERM
Topical term or geographic name as entry element Simulation and Modeling.
-- http://scigraph.springernature.com/things/product-market-codes/I19000
650 24 - SUBJECT ADDED ENTRY--TOPICAL TERM
Topical term or geographic name as entry element Programming Languages, Compilers, Interpreters.
-- http://scigraph.springernature.com/things/product-market-codes/I14037
650 24 - SUBJECT ADDED ENTRY--TOPICAL TERM
Topical term or geographic name as entry element Artificial Intelligence.
-- http://scigraph.springernature.com/things/product-market-codes/I21000
700 1# - ADDED ENTRY--PERSONAL NAME
Personal name Hammoudi, Slimane.
Relator term editor.
Relator code edt
-- http://id.loc.gov/vocabulary/relators/edt
700 1# - ADDED ENTRY--PERSONAL NAME
Personal name Pires, Luís Ferreira.
Relator term editor.
Relator code edt
-- http://id.loc.gov/vocabulary/relators/edt
700 1# - ADDED ENTRY--PERSONAL NAME
Personal name Selic, Bran.
Relator term editor.
Relator code edt
-- http://id.loc.gov/vocabulary/relators/edt
700 1# - ADDED ENTRY--PERSONAL NAME
Personal name Desfray, Philippe.
Relator term editor.
Relator code edt
-- http://id.loc.gov/vocabulary/relators/edt
710 2# - ADDED ENTRY--CORPORATE NAME
Corporate name or jurisdiction name as entry element SpringerLink (Online service)
773 0# - HOST ITEM ENTRY
Title Springer eBooks
776 08 - ADDITIONAL PHYSICAL FORM ENTRY
Display text Printed edition:
International Standard Book Number 9783319663012
776 08 - ADDITIONAL PHYSICAL FORM ENTRY
Display text Printed edition:
International Standard Book Number 9783319663036
830 #0 - SERIES ADDED ENTRY--UNIFORM TITLE
Uniform title Communications in Computer and Information Science,
-- 1865-0929 ;
Volume number/sequential designation 692
856 40 - ELECTRONIC LOCATION AND ACCESS
Uniform Resource Identifier <a href="https://doi.org/10.1007/978-3-319-66302-9">https://doi.org/10.1007/978-3-319-66302-9</a>
912 ## -
-- ZDB-2-SCS
942 ## - ADDED ENTRY ELEMENTS (KOHA)
Koha item type ЕКнига

Немає доступних примірників.